Jóvenes víctimas de violencias y pandillas, claves de intelección para una aproximación crítica /
El presente artículo propone una reflexión sobre la violencia pandilleril, su naturaleza compleja y sus características más importantes. Para ello, se problematiza el tema de la responsabilidad de las acciones violentas de los jóvenes, los modelos de relacionamiento con el otro, y las condiciones de...
Guardat en:
| Autor principal: | |
|---|---|
| Format: | Text |
| Matèries: | |
| Etiquetes: |
Afegir etiqueta
Sense etiquetes, Sigues el primer a etiquetar aquest registre!
|
MARC
| LEADER | 00000 a a2200000 04500 | ||
|---|---|---|---|
| 001 | 44337 | ||
| 003 | |||
| 040 | |||
| 100 | |a Cerbino, Mauro | ||
| 245 | |a Jóvenes víctimas de violencias y pandillas, claves de intelección para una aproximación crítica / |c Mauro Cerbino | ||
| 520 | |a El presente artículo propone una reflexión sobre la violencia pandilleril, su naturaleza compleja y sus características más importantes. Para ello, se problematiza el tema de la responsabilidad de las acciones violentas de los jóvenes, los modelos de relacionamiento con el otro, y las condiciones de posibilidad de emergencia y mantenimiento de las acciones violentas, entendidas desde la consideración de problemas sociales estructurales que son de tipo cultural, social, económico y familiar. | ||
| 590 | |a DISEMINAR122012 | ||
| 650 | |a ORGANIZACIONES JUVENILES | ||
| 650 | |a VIOLENCIA | ||
| 650 | |a ASPECTOS CULTURALES | ||
| 650 | |a MASCULINIDAD | ||
| 650 | |a FAMILIA | ||
| 650 | |a SISTEMA DE VALORES | ||
| 650 | |a PROBLEMAS SOCIALES | ||
| 650 | |a JUVENTUD | ||
| 773 | |g volumen1, páginas 47-71 | ||
| 999 | |c 30304 |d 30304 | ||
